Morrells of Oxford Ltd v Oxford Football Club and others (Record no. 66019)

MARC details
000 -LEADER
fixed length control field 01674cam a2200217 4500
001 - CONTROL NUMBER
control field ABS63479
008 - FIXED-LENGTH DATA ELEMENTS--GENERAL INFORMATION
fixed length control field 000000n2001 000 0 eng u
035 ## - SYSTEM CONTROL NUMBER
System control number (Sirsi) u110756
245 ## - TITLE STATEMENT
Title Morrells of Oxford Ltd v Oxford Football Club and others
260 ## - PUBLICATION, DISTRIBUTION, ETC.
Date of publication, distribution, etc. 2001
490 ## - SERIES STATEMENT
Series statement Estates Gazette
Volume/sequential designation [2001] 04 EG 147-153(7)
520 ## - SUMMARY, ETC.
Summary, etc. CA 21 July 2001. The second defendants, Oxford CC, intended to sell some of the land within half a mile of a pub owned by the claimant (M) to the third, fourth and fifth defendants for a development to include a stadium for the first defendant and a hotel and leisure complex. M brought proceedings contending that the proposed development breached a covenant in the conveyance, under which claimant's predecessor in title had acquired the pub's site from the council, in which the vendor agreed not to develop of licensed premises on the land it owned within a half mile radius. After the first, third, fourth and fifth defendants issued an application under CPR Part 24 to strike out the claimants claim judgement was given to the defendants. M then appealed but this was dismissed on the grounds that the covenant only related to the use of the land by the council and not by any successor in title and that the Law of Property Act 1925 s79 did not apply as contended by M. "Held": Part 24 application allowed; appeal dismissed.
590 ## - LOCAL NOTE (RLIN)
Local note ABS
650 ## - SUBJECT ADDED ENTRY--TOPICAL TERM
Topical term or geographic name entry element LAW OF PROPERTY ACT 1925 S79
650 ## - SUBJECT ADDED ENTRY--TOPICAL TERM
Topical term or geographic name entry element MORRELLS OF OXFORD LTD V OXFORD UNITED FOOTBALL CLUB AND OTHERS
650 ## - SUBJECT ADDED ENTRY--TOPICAL TERM
Topical term or geographic name entry element PUBLIC HOUSES
650 ## - SUBJECT ADDED ENTRY--TOPICAL TERM
Topical term or geographic name entry element RESTRICTIVE COVENANTS
650 ## - SUBJECT ADDED ENTRY--TOPICAL TERM
Topical term or geographic name entry element SUCCESSORS IN TITLE
690 ## - LOCAL SUBJECT ADDED ENTRY--TOPICAL TERM (OCLC, RLIN)
Topical term or geographic name as entry element PROPERTY AND LAND LAW-CASE LAW
942 ## - ADDED ENTRY ELEMENTS (KOHA)
Suppress in OPAC 0
Holdings
Withdrawn status Lost status Source of classification or shelving scheme Damaged status Not for loan Home library Current library Shelving location Date acquired Total Checkouts Barcode Date last seen Copy number Price effective from Koha item type
    Dewey Decimal Classification     London London Journal article 06/02/2001   110756-1001 06/08/2019 1 06/08/2019 Law report